[Event "EST-ch U20"]
[Site "Tallinn"]
[Date "2010.??.??"]
[Round "6"]
[White "Moltsanov, Ivan"]
[Black "Rumjantsev, Jevgeni"]
[Result "1/2-1/2"]
[WhiteElo "2100"]
[BlackElo "2041"]
[PlyCount "58"]
[EventDate "2010.05.13"]
[EventType "tourn"]
[EventRounds "7"]
[EventCountry "EST"]
[SourceTitle "EXT 2018"]
[Source "ChessBase"]
[SourceDate "2017.10.13"]
[SourceVersion "1"]
[SourceVersionDate "2017.10.13"]
[SourceQuality "1"]

1. e4 c6 2. d4 d5 3. exd5 cxd5 4. c4 e6 5. Nf3 Nf6 6. Nc3 Nc6 7. Be2 Be7 8. 0-0 0-0 9. h3 a6 10. Be3 dxc4 11. Bxc4 b5 12. Bd3 Bb7 13. Rc1 Nb4 14. Bb1 Rc8 15. a3 Nbd5 16. Nxd5 Qxd5 17. Qe2 Bd6 18. Rxc8 Rxc8 19. Rc1 Rxc1+ 20. Bxc1 Bb8 21. Be3 Nd7 22. Bd2 Qd6 23. Be4 Bd5 24. Bb4 Qc6 25. Bxd5 Qxd5 26. Qc2 Nb6 27. b3 h6 28. Ba5 Qd6 29. Bxb6 Qxb6 1/2-1/2

[Event "Wch U18"]
[Site "Kemer"]
[Date "2009.11.15"]
[Round "4"]
[White "Nabaty, Tamir"]
[Black "Rumjantsev, Jevgeni"]
[Result "1/2-1/2"]
[WhiteElo "2508"]
[BlackElo "2039"]
[PlyCount "44"]
[EventDate "2009.11.12"]
[EventType "swiss"]
[EventRounds "11"]
[EventCountry "TUR"]
[SourceTitle "EXT 2010"]
[Source "ChessBase"]
[SourceDate "2010.11.25"]
[SourceVersion "1"]
[SourceVersionDate "2010.11.25"]
[SourceQuality "1"]

1. d4 d5 2. Nc3 Nf6 3. Bg5 Bf5 4. Bxf6 exf6 5. e3 c6 6. Bd3 Qd7 7. Nge2 Bd6 8. e4 dxe4 9. Nxe4 Bxe4 10. Bxe4 0-0 11. Qd3 h6 12. 0-0-0 Na6 13. Kb1 Rfe8 14. a3 Rab8 15. Qf3 Nc7 16. Nc3 Ne6 17. h4 Qc7 18. Qf5 g6 19. Qxf6 Nf4 20. h5 Be7 21. Qe5 Bd6 22. Qf6 Be7 1/2-1/2

[Event "Wch U18"]
[Site "Kemer"]
[Date "2009.11.14"]
[Round "3"]
[White "Rumjantsev, Jevgeni"]
[Black "Shukh, Nikolai"]
[Result "0-1"]
[WhiteElo "2039"]
[BlackElo "2438"]
[PlyCount "56"]
[EventDate "2009.11.12"]
[EventType "swiss"]
[EventRounds "11"]
[EventCountry "TUR"]
[SourceTitle "EXT 2010"]
[Source "ChessBase"]
[SourceDate "2010.11.25"]
[SourceVersion "1"]
[SourceVersionDate "2010.11.25"]
[SourceQuality "1"]

1. e4 c5 2. Nf3 g6 3. d4 cxd4 4. Nxd4 Bg7 5. Nc3 Nc6 6. Be3 Nf6 7. f3 0-0 8. Qd2 d5 9. exd5 Nxd5 10. Nxc6 bxc6 11. Nxd5 cxd5 12. Bd4 e5 13. Bc5 Rb8 14. Bxf8 Qxf8 15. c3 Qc5 16. Rc1 e4 17. fxe4 dxe4 18. b4 Qb6 19. Bc4 Bf5 20. Qf4 Rc8 21. g4 Bxg4 22. Bxf7+ Kh8 23. c4 Bf3 24. Rf1 Qxb4+ 25. Qd2 Qe7 26. Qd5 Rd8 27. Qe6 Bc3+ 28. Kf2 Qh4+ 0-1